<?xml version="1.0" encoding="UTF-8"?>
<record
    xmlns:xsi="http://www.w3.org/2001/XMLSchema-instance"
    xsi:schemaLocation="http://www.loc.gov/MARC21/slim http://www.loc.gov/standards/marcxml/schema/MARC21slim.xsd"
    xmlns="http://www.loc.gov/MARC21/slim">

  <leader>01056nam0a22002771  4500</leader>
  <controlfield tag="001">rc\4963486</controlfield>
  <controlfield tag="005">20260406203044.0</controlfield>
  <datafield tag="021" ind1=" " ind2=" ">
    <subfield code="a">RU</subfield>
    <subfield code="b">62-79557</subfield>
  </datafield>
  <datafield tag="021" ind1=" " ind2=" ">
    <subfield code="a">RU</subfield>
    <subfield code="b">&#x420;&#x433;246</subfield>
  </datafield>
  <datafield tag="035" ind1=" " ind2=" ">
    <subfield code="a">(NLR Aleph) 008863426</subfield>
  </datafield>
  <datafield tag="090" ind1=" " ind2=" ">
    <subfield code="a">8475728</subfield>
    <subfield code="c">8475728</subfield>
  </datafield>
  <datafield tag="100" ind1=" " ind2=" ">
    <subfield code="a">20130426d1961    |||y0rusy50      ca</subfield>
  </datafield>
  <datafield tag="101" ind1="0" ind2=" ">
    <subfield code="a">rus</subfield>
  </datafield>
  <datafield tag="102" ind1=" " ind2=" ">
    <subfield code="a">RU</subfield>
  </datafield>
  <datafield tag="105" ind1=" " ind2=" ">
    <subfield code="a">y   ac  |||||</subfield>
  </datafield>
  <datafield tag="200" ind1="1" ind2=" ">
    <subfield code="a">&#x420;&#x435;&#x432;&#x43C;&#x430;&#x442;&#x438;&#x437;&#x43C;</subfield>
    <subfield code="e">&#x411;&#x438;&#x431;&#x43B;&#x438;&#x43E;&#x433;&#x440;. &#x443;&#x43A;&#x430;&#x437;&#x430;&#x442;&#x435;&#x43B;&#x44C; &#x440;&#x435;&#x43A;&#x43E;&#x43C;&#x435;&#x43D;&#x434;. &#x43B;&#x438;&#x442;&#x435;&#x440;&#x430;&#x442;&#x443;&#x440;&#x44B; (1955 - &#x44F;&#x43D;&#x432;. 1961 &#x433;.)</subfield>
    <subfield code="f">&#x422;&#x435;&#x440;&#x43D;&#x43E;&#x43F;. &#x43E;&#x431;&#x43B;. &#x43E;&#x442;&#x434;. &#x437;&#x434;&#x440;&#x430;&#x432;&#x43E;&#x43E;&#x445;&#x440;&#x430;&#x43D;&#x435;&#x43D;&#x438;&#x44F;. &#x422;&#x435;&#x440;&#x43D;&#x43E;&#x43F;. &#x43E;&#x431;&#x43B;. &#x43D;&#x430;&#x443;&#x447;. &#x43C;&#x435;&#x434;. &#x431;-&#x43A;&#x430;</subfield>
  </datafield>
  <datafield tag="210" ind1=" " ind2=" ">
    <subfield code="a">&#x422;&#x435;&#x440;&#x43D;&#x43E;&#x43F;&#x43E;&#x43B;&#x44C;</subfield>
    <subfield code="c">&#x411;. &#x438;.</subfield>
    <subfield code="d">1961</subfield>
  </datafield>
  <datafield tag="215" ind1=" " ind2=" ">
    <subfield code="a">48 &#x441;.</subfield>
    <subfield code="d">20</subfield>
  </datafield>
  <datafield tag="300" ind1=" " ind2=" ">
    <subfield code="a">&#x41D;&#x430; &#x43E;&#x431;&#x43E;&#x440;&#x43E;&#x442;&#x435; &#x442;&#x438;&#x442;. &#x43B;. &#x441;&#x43E;&#x441;&#x442;.: &#x431;&#x438;&#x431;&#x43B;&#x438;&#x43E;&#x433;&#x440;&#x430;&#x444; &#x41E;.&#x41C;. &#x41A;&#x43E;&#x440;&#x434;&#x443;&#x431;&#x430;</subfield>
  </datafield>
  <datafield tag="702" ind1=" " ind2="1">
    <subfield code="a">&#x41A;&#x43E;&#x440;&#x434;&#x443;&#x431;&#x430;</subfield>
    <subfield code="b">&#x41E;.&#x41C;.</subfield>
    <subfield code="4">220</subfield>
  </datafield>
  <datafield tag="712" ind1="0" ind2="2">
    <subfield code="a">&#x422;&#x435;&#x440;&#x43D;&#x43E;&#x43F;&#x43E;&#x43B;&#x44C;&#x441;&#x43A;&#x430;&#x44F; &#x43E;&#x431;&#x43B;. &#x43D;&#x430;&#x443;&#x447;. &#x43C;&#x435;&#x434;. &#x431;-&#x43A;&#x430;</subfield>
    <subfield code="3">RU\NLR\AUTH\889963133</subfield>
    <subfield code="9">422563</subfield>
  </datafield>
  <datafield tag="801" ind1=" " ind2="0">
    <subfield code="a">RU</subfield>
    <subfield code="b">NLR</subfield>
    <subfield code="g">psbo</subfield>
  </datafield>
  <datafield tag="801" ind1=" " ind2="1">
    <subfield code="a">RU</subfield>
    <subfield code="b">ELAR</subfield>
    <subfield code="2">rusmarc</subfield>
  </datafield>
  <datafield tag="852" ind1=" " ind2=" ">
    <subfield code="a">NLR</subfield>
    <subfield code="j">&#x421; 269&#x420;&#x435;&#x432;&#x43C;/&#x420;32</subfield>
  </datafield>
  <datafield tag="942" ind1=" " ind2=" ">
    <subfield code="c">BOOK</subfield>
  </datafield>
  <datafield tag="980" ind1=" " ind2=" ">
    <subfield code="a">NB</subfield>
  </datafield>
  <datafield tag="995" ind1=" " ind2=" ">
    <subfield code="5">2013-10-26</subfield>
    <subfield code="b">NLR01</subfield>
    <subfield code="c">NLR01</subfield>
    <subfield code="e">CSB</subfield>
    <subfield code="f">1-3944378</subfield>
    <subfield code="k">&#x421; 269&#x420;&#x435;&#x432;&#x43C;/&#x420;32</subfield>
    <subfield code="o">0</subfield>
    <subfield code="r">BOOK</subfield>
    <subfield code="s">_26932</subfield>
  </datafield>
  <datafield tag="995" ind1=" " ind2=" ">
    <subfield code="5">2023-06-23</subfield>
    <subfield code="b">NLR01</subfield>
    <subfield code="c">NLR01</subfield>
    <subfield code="e">CSB</subfield>
    <subfield code="f">1-4301675</subfield>
    <subfield code="k">&#x421; 269&#x420;&#x435;&#x432;&#x43C;/&#x420;32</subfield>
    <subfield code="o">0</subfield>
    <subfield code="r">BOOK</subfield>
    <subfield code="s">_26932</subfield>
  </datafield>
</record>
